Marvel Heroes by German Names - Statistics

General Stats
  • This quiz has been taken 22 times
  • The average score is 57 of 100
Answer Stats
Hint Answer % Correct
Eisen Mann Iron Man
100%
Schwarzer Panther Black Panther
95%
Schwarze Witwe Black Widow
95%
Hauptmann Amerika Captain America
95%
Doktor Strange/"Dr. Seltsam" Doctor Strange
95%
Spinne-Mann Spider-Man
95%
Thor, Prinz des Donners Thor, Prince of Thunder
95%
Ameise-Mann Ant-Man
89%
Biest Beast
89%
Menschliche Fackel Human Torch
89%
Eismann Iceman
89%
Spinne-Frau Spider-Woman
89%
Ding Thing
89%
Kristall Crystal
84%
Drax der Zestörer Drax the Destroyer
84%
Eisen Faust Iron Fist
84%
Power Mann Luke Cage/Power Man
84%
Wunder Mädchen/Phönix Marvel Girl/Phoenix
84%
Herr Fantastisch Mr. Fantastic
84%
Quecksilber Quicksilver
84%
Spinne-Gwen Spider-Gwen
84%
Wespe Wasp
84%
Winter Soldat Winter Soldier
84%
Wunder Mann Wonder Man
84%
Engel Angel
79%
Zyklop Cyclops
79%
Falke Falcon
79%
Unsichtbare Frau Invisible Woman
79%
Mann-Ding Man-Thing
79%
Meduse Medusa
79%
Silber Surfer Silver Surfer
79%
Sturm Storm
79%
Werwolf bei Nacht Werewolf by Night
79%
Hauptmann Britannien Captain Britain
74%
Rumpf Hulk
74%
Juwel Jewel (Jessica Jones)
74%
Scharlachrote Hexe Scarlet Witch
74%
Spektrum Spectrum
74%
Kriegsmaschine War Machine
74%
Schwarzer Ritter Black Knight
68%
Kapitän(in) Wunder Captain Marvel
68%
Howard die Ente Howard the Duck
68%
Frau(lein) Amerika Miss America
68%
Mond Ritter Moon Knight
68%
Frau(lein) Wunder Ms. Marvel
68%
Namor der Unterseemann/U-Bootfahrer Namor the Sub-Mariner
68%
Kabel Cable
63%
Koloss Colossus
63%
Gorgone Gorgon
63%
Rakete Waschbär Rocket Raccoon
63%
Walküre Valkyrie
63%
Eisenherz Ironheart
58%
Bestrafer Punisher
58%
Schwarzer Schlag Black Bolt
53%
Magie/Zauber Magik
53%
Schattenkatze Shadowcat
53%
Sonnefeuer Sunfire
53%
Weiße Königin White Queen (Emma Frost)
53%
Jübiläum Jubilee
47%
Nachtfälter Nightcrawler
47%
Scharlachrote Spinne Scarlet Spider
47%
Sie-Rumpf She-Hulk
47%
Sonnenfleck Sunspot
47%
Wolfsbann Wolfsbane
47%
Vielfraß Wolverine
47%
Klinge Blade
42%
Kanonenkugel Cannonball
42%
Kiefersperre Lockjaw
42%
Stern-Herr Star-lord
42%
Wunder Junge Marvel Boy
37%
Roter Rumpf Red Hulk
37%
Schurke Rogue
37%
Singvogel Songbird
37%
Geschwindigkeit Speed
37%
Sternfuchs Starfox
37%
Älteste Ancient One
32%
Fangschreck Mantis
32%
Geschwindigkeitsball Speedball
32%
Eichhörnchen Mädchen Squirrel Girl
32%
Donnervogel Thunderbird
32%
Umhang Cloak
26%
Blendend Dazzler
26%
Verwüstung Havok
26%
Eisen Junge Iron Lad
26%
Mehrfachter Mann Multiple Man
26%
Statur/Stachel Stature/Stinger
26%
Dolch Dagger
21%
Staub Dust
21%
Nachklang Echo
21%
Wache Sentry
21%
Schmiede Forge
16%
Fata Morgana/Luftspiegelung Mirage
16%
Spottdrossel Mockingbird
16%
Schwertkämpfer Swordsman
16%
Kriegspfad Warpath
16%
Dunkelfalke Darkhawk
11%
(Knochen)mark Marrow
11%
Kernschmelze Meltdown/Boom-Boom
11%
Rüstung Armor
5%
Monddrache Moondrgaon
5%
No matching quizzes found
Score Distribution
Percent of People with Each Score
Percentile by Number Answered
Your Score History
You have not taken this quiz